Statistics for Basketball Quiz

Click here to take the quiz!

General Stats

  • This quiz has been taken 6,170 times
    (6,167 since last reset)
  • The average score is 8 of 15

Answer Stats

HintAnswer% Correct
Which City has two NBA TeamsLos Angeles
90%
2011 NBA ChampionsDallas Mavericks
84%
What Does NBA Stand ForNational Basketball Association
82%
Michael Jordan's CollegeUniversity of North Carolina
77%
Player that scored 100 points in one gameWilt Chamberlain
70%
NBA All Time Scoring Leader *38,387 Points*Kareem Abdul-Jabbar
60%
2011 NBA MVPDerrick Rose
56%
Kevin Durant's CollegeUniversity of Texas
51%
1998 NBA MVPMichael Jordan
49%
Other player with the last name of o'neal (not Shaq)Jermaine O'neal
47%
Blake Griffin's CollegeUniversity of Oklahoma
38%
Tim Duncan's CollegeWake Forest
36%
Winner of 2011 Sprite Slam Dunk ContestBlake Griffin
35%
2012 Worst Record TeamCharlotte Bobcats
32%
2008 Rookie of The YearKevin Durant
28%

Score Distribution

Percentile by Number Answered

Percent of People with Each Score

Your Score History

You have not taken this quiz since the last reset